Culture générale géographie de A à Z à la fin (click quiz) - Statistiques

Statistiques générales
  • Ce quiz a été pris 85 fois
  • Le résultat moyen est 12 sur 26
Statistiques - réponses
Hint Réponse % Correct
B : gros arbre d'Afrique et d'Asie Baobab
99%
E : capitale de l'Egypte Le Caire
90%
C : ville chère à Cyrano Bergerac
69%
Q : on le mange au vin en France Coq
69%
N : plus long fleuve d'Europe occidentale Rhin
68%
V : ancien président de l'URSS avec une tache sur le front Gorbatchev
60%
R : département français qui abrite Bourges Cher
51%
X : commune du Calvados célèbre pour sa tapisserie Bayeux
50%
I : île d'Océanie Fidji
50%
Z : célèbre bataille, victoire de Napoléon 1er Austerlitz
44%
A : ancienne Haute-Volta Burkina
44%
F : langue officielle du Sénégal Wolof
44%
K : danse antillaise Zouk
44%
S : Etat des Etats-Unis qui abrite Chicago Illinois
43%
M : appartement des femmes chez les musulmans Harem
41%
H : Titre des rois et empereurs perses Shah
41%
P : pointe de terre qui s'avance dans la mer Cap
40%
L : zone semi-désertique s'étendant de l'atlantique à la mer rouge Sahel
34%
W : femme d'un Indien en Amérique du Nord Squaw
34%
D : campagne en Afrique du Nord Bled
33%
U : bras marécageux du Mississippi en Louisiane Bayou
31%
O : sport très pratiqué aux Pays-Bas Vélo
28%
Y : policier au Royaume-uni Bobby
25%
T : comté d'Angleterre au sud-est de Londres Kent
19%
G : dernière dynastie impériale de Chine Qing
19%
J : vin et ville hongroise Tokaj
9%
Aucun quiz correspondant
Distribution des résultats
% des personnes avec chaque résultat
Percentile par nombre de réponses
Votre historique - résultats
Vous n’avez pas pris ce quiz